[Event "25th Czech Open A 2014"]
[Site "Pardubice CZE"]
[Date "2014.07.19"]
[Round "2.47"]
[White "Nguyen, Thai Dai Van"]
[Black "Stocek, Jiri"]
[Result "0-1"]
[WhiteTitle "CM"]
[BlackTitle "GM"]
[WhiteElo "2261"]
[BlackElo "2545"]
[WhiteFideId "358878"]
[BlackFideId "304760"]
[EventDate "2014.07.18"]

1. e4 d6 2. d4 Nf6 3. Nc3 g6 4. Nf3 Bg7 5. Be2 Nc6 6. O-O Bg4 7. h3 Bxf3 8. Bxf3
e5 9. dxe5 Nxe5 10. Be2 O-O 11. Be3 Re8 12. Qd2 Ned7 13. Bd3 c6 14. Rad1 b5 15.
Rfe1 a5 16. a4 b4 17. Ne2 d5 18. exd5 Nxd5 19. Bd4 Ne5 20. c4 Nf6 21. b3 Qc7 22.
Ng3 Ned7 23. Ne4 Nxe4 24. Bxe4 Bxd4 25. Qxd4 Nf8 26. Qc5 Re6 27. Bf3 Rd8 28.
Rxe6 Rxd1+ 29. Bxd1 Nxe6 30. Qe3 Qd6 31. Bg4 Nd4 32. g3 Kg7 33. Kg2 h5 34. Bf3
h4 35. Bg4 hxg3 36. fxg3 c5 37. h4 Qc6+ 38. Kg1 Qf6 39. Kg2 Qc6+ 40. Kg1 Qd6 41.
Kh2 Nc6 42. Kg2 Qd4 43. Qxd4+ Nxd4 44. Bd1 f5 45. Kh3 Kf6 46. g4 Ke5 47. gxf5
Nxf5 48. Bc2 Kf4 49. Bb1 Nd4 50. Bxg6 Nxb3 51. h5 Kg5 52. Kg3 Nd2 53. Bd3 b3 54.
h6 Kxh6 55. Kf4 b2 56. Ke5 Kg5 57. Kd5 Nb3 58. Ke5 Nc1 59. Bc2 Kg4 60. Kd5 Nb3
61. Ke4 Nd2+ 62. Kd5 Nb3 63. Ke4 Nd4 64. Bd3 Kg3 65. Ke3 Nc6 66. Kd2 Ne5 67. Bh7
Nxc4+ 68. Kc3 Nb6 69. Kb3 Kf4 70. Bc2 Ke3 71. Kxb2 Kd2 72. Bb3 c4 73. Bc2 c3+
74. Kb3 Nxa4 75. Bh7 Nc5+ 76. Kc4 c2 77. Bxc2 Kxc2 78. Kxc5 Kb3 79. Kb5 a4 0-1

[Event "25th Czech Open A 2014"]
[Site "Pardubice CZE"]
[Date "2014.07.19"]
[Round "2.48"]
[White "Gopal, G.N."]
[Black "Lobanov, Sergei"]
[Result "1-0"]
[WhiteTitle "GM"]
[WhiteElo "2544"]
[BlackElo "2277"]
[WhiteFideId "5015693"]
[BlackFideId "24183750"]
[EventDate "2014.07.18"]

1. e4 c5 2. Nf3 d6 3. d4 cxd4 4. Nxd4 Nf6 5. Nc3 Nc6 6. Bg5 e6 7. Qd2 a6 8.
O-O-O Bd7 9. f3 b5 10. Nxc6 Bxc6 11. Ne2 Rc8 12. Nd4 Bd7 13. Bd3 Qb6 14. Be3 Qb7
15. Kb1 Be7 16. g4 g6 17. h4 e5 18. Ne2 Be6 19. h5 Rg8 20. Nc3 b4 21. Na4 d5 22.
hxg6 hxg6 23. exd5 Qxd5 24. b3 Qxf3 25. Bxa6 Rb8 26. Ba7 Ra8 27. Bb5+ Kf8 28.
Bc5 Qb7 29. Qxb4 Nd5 30. Bxe7+ Qxe7 31. Qxe7+ Kxe7 32. Rhe1 Rxa4 33. Rxd5 Bxd5
34. Bxa4 e4 35. c4 Ba8 36. g5 f5 1-0

[Event "25th Czech Open A 2014"]
[Site "Pardubice CZE"]
[Date "2014.07.19"]
[Round "2.49"]
[White "Megaranto, Susanto"]
[Black "Sanders, Isaac B"]
[Result "1-0"]
[WhiteTitle "GM"]
[WhiteElo "2532"]
[BlackElo "2262"]
[WhiteFideId "7101384"]
[BlackFideId "417661"]
[EventDate "2014.07.18"]

1. d4 e6 2. c4 Nf6 3. Nf3 b6 4. e3 Bb7 5. Bd3 d5 6. O-O dxc4 7. Bxc4 Nbd7 8. Nc3
Bd6 9. Qe2 Ne4 10. Ba6 Qc8 11. Bxb7 Qxb7 12. Bd2 O-O 13. Rac1 Ndf6 14. Rfd1 Rac8
15. Nxe4 Nxe4 16. Bc3 Qd5 17. b3 Qh5 18. Qc4 Rfd8 19. Bb2 Ng5 20. Nxg5 Bxh2+ 21.
Kh1 Bg3+ 22. Nh3 Bxf2 23. Qc3 Rd5 24. e4 Rg5 25. Qf3 Bg3 26. Qxh5 Rxh5 27. Kg1
Bd6 28. e5 Bf8 29. Rc6 g5 30. Rdc1 Rh4 31. Rxc7 Rxc7 32. Rxc7 g4 33. Ng5 g3 34.
Nf3 Re4 35. Kf1 a5 36. Rxf7 h5 37. Bc1 1-0

[Event "25th Czech Open A 2014"]
[Site "Pardubice CZE"]
[Date "2014.07.19"]
[Round "2.50"]
[White "Cvek, Robert"]
[Black "Pagerka, Martin"]
[Result "1/2-1/2"]
[WhiteTitle "GM"]
[WhiteElo "2516"]
[BlackElo "2265"]
[WhiteFideId "307424"]
[BlackFideId "14911230"]
[EventDate "2014.07.18"]

1. Nf3 Nf6 2. c4 c5 3. Nc3 d5 4. cxd5 Nxd5 5. Qa4+ Nc6 6. Ne5 Nb4 7. a3 Nc2+ 8.
Qxc2 Nxe5 9. Na4 c4 10. f4 Nc6 11. e3 b5 12. Nc3 Rb8 13. d3 Bf5 14. e4 Nd4 15.
Qf2 cxd3 16. Bxd3 Nb3 17. Qxa7 Bd7 18. Rb1 e6 19. Qf2 Bc6 20. Bc2 Nxc1 21. Rxc1
b4 22. axb4 Rxb4 23. O-O Rxb2 24. Kh1 Be7 25. e5 g6 26. Rb1 1/2-1/2

[Event "25th Czech Open A 2014"]
[Site "Pardubice CZE"]
[Date "2014.07.19"]
[Round "2.51"]
[White "Schulz, Karsten"]
[Black "Dourerassou, Jonathan"]
[Result "1-0"]
[WhiteTitle "FM"]
[BlackTitle "IM"]
[WhiteElo "2276"]
[BlackElo "2515"]
[WhiteFideId "4611446"]
[BlackFideId "628050"]
[EventDate "2014.07.18"]

1. d4 Nf6 2. Nf3 b5 3. Bf4 Bb7 4. e3 a6 5. Bd3 e6 6. Nbd2 c5 7. c3 Nc6 8. O-O
Be7 9. h3 d5 10. dxc5 Bxc5 11. e4 Ne7 12. Qe2 Ng6 13. Bh2 O-O 14. Rad1 Re8 15.
Ne5 Qb6 16. Nxg6 hxg6 17. e5 Nd7 18. h4 Qd8 19. Qg4 Nf8 20. Nf3 Bc8 21. h5 gxh5
22. Qxh5 g6 23. Qg4 Nh7 24. Bf4 Ra7 25. Bc2 Bf8 26. Nd4 Rc7 27. Rfe1 b4 28. Re3
bxc3 29. bxc3 Bg7 30. Rh3 Nf8 31. Rdd3 f5 32. Qg3 Rb7 33. Bb3 Qc7 34. Nf3 Qe7
35. Bg5 Qa3 36. Qh4 Rxb3 37. axb3 Qa1+ 38. Kh2 Qb1 39. Bf6 Qxd3 40. Qh8+ 1-0

[Event "25th Czech Open A 2014"]
[Site "Pardubice CZE"]
[Date "2014.07.19"]
[Round "2.52"]
[White "Varga, Klara"]
[Black "Boruchovsky, Avital"]
[Result "0-1"]
[WhiteTitle "WIM"]
[BlackTitle "GM"]
[WhiteElo "2251"]
[BlackElo "2503"]
[WhiteFideId "733210"]
[BlackFideId "2800055"]
[EventDate "2014.07.18"]

1. e4 c5 2. Nf3 e6 3. b3 b6 4. Bb2 Bb7 5. Qe2 Nc6 6. g3 d6 7. Bg2 e5 8. c3 Nge7
9. O-O g6 10. d4 Bg7 11. Rd1 exd4 12. cxd4 O-O 13. dxc5 Ba6 14. Qc2 Nb4 15. Qc1
Nd3 16. Rxd3 Bxb2 17. Qxb2 Bxd3 18. Nc3 bxc5 19. Qd2 Ba6 20. Rd1 Bb7 21. Qf4 Qa5
22. Qf6 Rae8 23. Nh4 Bc8 24. Rxd6 Rd8 25. Rxd8 Qxd8 26. Nf3 Be6 27. Qe5 Qd3 28.
h4 Rc8 29. Na4 Nc6 30. Qxc5 Bg4 31. Qd5 Nb4 32. Qxd3 Nxd3 33. Nd4 Rc1+ 34. Kh2
Nxf2 35. Nb2 Ra1 36. a4 Bd7 37. Nc4 Ng4+ 38. Kh3 Ra2 0-1

[Event "25th Czech Open A 2014"]
[Site "Pardubice CZE"]
[Date "2014.07.19"]
[Round "2.53"]
[White "Kratochvil, Josef"]
[Black "Neuman, Petr"]
[Result "0-1"]
[WhiteTitle "FM"]
[BlackTitle "GM"]
[WhiteElo "2257"]
[BlackElo "2488"]
[WhiteFideId "328626"]
[BlackFideId "305243"]
[EventDate "2014.07.18"]

1. e4 c6 2. d4 d5 3. exd5 cxd5 4. c4 Nf6 5. Nc3 Nc6 6. Nf3 Bg4 7. cxd5 Nxd5 8.
Qb3 Bxf3 9. gxf3 Nb6 10. d5 Nd4 11. Qd1 e5 12. dxe6 Bc5 13. exf7+ Kxf7 14. Be3
Re8 15. Bd3 Qh4 16. Be4 Rad8 17. Bxd4 Rxd4 18. Qc2 Kg8 19. Rd1 Kh8 20. Rxd4 Bxd4
21. Kd1 Qg5 22. Qd2 Qc5 23. Bd3 Rd8 24. Ne4 Qh5 25. Ke2 Rf8 26. Rg1 Qxf3+ 27.
Ke1 Nc4 28. Qe2 Nxb2 29. Qxf3 Rxf3 30. Bb1 Rf8 31. Rg5 Bb6 32. Rd5 Nc4 33. Bd3
Re8 34. f3 Ne5 35. Be2 h6 36. Kd2 Re7 37. Kc2 Nc6 38. Kd1 Nb4 39. Rd2 g6 40. Bc4
Nc6 41. Nd6 Ba5 42. Nf7+ Kg7 43. Rd6 Bc7 44. Rd2 Bf4 45. Rb2 b6 46. Rc2 Nd4 47.
Rc3 b5 48. Bd5 Rd7 0-1

[Event "25th Czech Open A 2014"]
[Site "Pardubice CZE"]
[Date "2014.07.19"]
[Round "2.54"]
[White "Wagner, Dennis"]
[Black "Postupa, Pavel2"]
[Result "1-0"]
[WhiteTitle "IM"]
[WhiteElo "2485"]
[BlackElo "2247"]
[WhiteFideId "24650684"]
[BlackFideId "326410"]
[EventDate "2014.07.18"]

1. Nf3 Nf6 2. c4 g6 3. Nc3 d5 4. cxd5 Nxd5 5. g3 Bg7 6. Bg2 Nxc3 7. bxc3 O-O 8.
O-O Nc6 9. Qc2 Rb8 10. Ba3 Bf5 11. d3 Qd7 12. Rfd1 b6 13. Rab1 Rfd8 14. c4 Bg4
15. Qd2 Bxf3 16. Bxf3 Ne5 17. Qf4 Nxf3+ 18. Qxf3 c5 19. Rb3 Rbc8 20. Rdb1 e5 21.
Rb5 Rc6 22. Bc1 Re6 23. Bg5 Rde8 24. Qe4 h6 25. Bd2 Rd6 26. Bc3 f5 27. Qe3 e4
28. Bxg7 Kxg7 29. dxe4 Rd1+ 30. Kg2 Rxe4 31. Qc3+ Qd4 32. Qa3 Re7 33. Rxd1 Qxd1
34. Qc3+ Kf7 35. Qh8 Qxe2 36. Rb3 Qxc4 37. Qh7+ Kf6 38. Qxh6 Qd5+ 39. Rf3 Qd8
40. g4 Re5 41. g5+ Ke7 42. Qg7+ Kd6 43. Rd3+ Rd5 44. Qxg6+ Kc7 45. Qf7+ Kc6 46.
Qe6+ Qd6 47. Qc8+ Kb5 48. Rb3+ Ka5 49. Ra3+ Kb4 50. Qa6 c4 51. Ra4+ Kc3 52.
Qxc4+ Kd2 53. Rb4 Qe5 54. Rb2+ Qxb2 55. Qxd5+ Kc1 56. Qxf5 Qxa2 57. g6 Qb2 58.
Qg5+ Kb1 59. g7 Qc2 60. g8=Q Qe4+ 61. Kg3 Qd3+ 62. Qe3 Qd6+ 63. f4 1-0

[Event "25th Czech Open A 2014"]
[Site "Pardubice CZE"]
[Date "2014.07.19"]
[Round "2.55"]
[White "Bartos, Jan"]
[Black "Lalic, Bogdan"]
[Result "1/2-1/2"]
[WhiteTitle "FM"]
[BlackTitle "GM"]
[WhiteElo "2243"]
[BlackElo "2482"]
[WhiteFideId "315060"]
[BlackFideId "409081"]
[EventDate "2014.07.18"]

1. d4 Nf6 2. c4 g6 3. f3 d5 4. cxd5 Nxd5 5. e4 Nb6 6. Nc3 Bg7 7. Be3 O-O 8. Qd2
Nc6 9. O-O-O e5 10. d5 Nd4 11. f4 c5 12. fxe5 Bg4 13. Re1 Bxe5 14. h3 Qh4 1/2-1/2

[Event "25th Czech Open A 2014"]
[Site "Pardubice CZE"]
[Date "2014.07.19"]
[Round "2.56"]
[White "Potapov, Pavel"]
[Black "Cuhra, Martin"]
[Result "1-0"]
[WhiteTitle "IM"]
[WhiteElo "2482"]
[BlackElo "2251"]
[WhiteFideId "4169786"]
[BlackFideId "327735"]
[EventDate "2014.07.18"]

1. e4 c5 2. c3 d5 3. exd5 Qxd5 4. d4 Nf6 5. Nf3 Bg4 6. Be2 e6 7. O-O Nc6 8. h3
Bh5 9. Be3 cxd4 10. cxd4 Be7 11. Nc3 Qd6 12. Qb3 O-O 13. Rfd1 Rfd8 14. Rac1 a6
15. d5 exd5 16. g4 Bg6 17. g5 Ne4 18. Nxd5 Qb8 19. Nxe7+ Nxe7 20. Rxd8+ Qxd8 21.
Qxb7 Rb8 22. Qxa6 Rxb2 23. Ne5 1-0

[Event "25th Czech Open A 2014"]
[Site "Pardubice CZE"]
[Date "2014.07.19"]
[Round "2.57"]
[White "Sorin, Michael"]
[Black "Gutman, Gennadi"]
[Result "0-1"]
[BlackTitle "GM"]
[WhiteElo "2249"]
[BlackElo "2479"]
[WhiteFideId "2805030"]
[BlackFideId "14102277"]
[EventDate "2014.07.18"]

1. Nf3 Nf6 2. c4 d6 3. d4 Nbd7 4. Nc3 e5 5. e4 Be7 6. Be2 c6 7. O-O a6 8. d5
cxd5 9. cxd5 b5 10. a3 O-O 11. Be3 Nb6 12. Nd2 Bd7 13. Rc1 Qb8 14. f3 Rc8 15. b3
Bd8 16. f4 Ra7 17. Na2 Rac7 18. Rxc7 Qxc7 19. Qb1 exf4 20. Rc1 Qa7 21. Rxc8 Bxc8
22. Bd4 Bg4 23. Bf1 Nfd7 24. Nb4 Bf6 25. Bf2 Ne5 26. Qc2 Bd7 27. Be2 Qb7 28. Nd3
Nxd3 29. Bxd3 g6 30. Nf3 Nc8 31. Qc1 g5 32. Nd4 Ne7 33. Qc2 Ng6 34. Nc6 Kg7 35.
Nd4 Ne5 36. Bf1 Ng4 37. Nf3 Nxf2 38. Qxf2 Qc7 39. h4 g4 40. e5 dxe5 41. Nd2 Bf5
42. a4 e4 43. Nb1 0-1

[Event "25th Czech Open A 2014"]
[Site "Pardubice CZE"]
[Date "2014.07.19"]
[Round "2.58"]
[White "Bryzgalin, Kirill"]
[Black "Barthel, Ansgar"]
[Result "1-0"]
[WhiteTitle "GM"]
[WhiteElo "2460"]
[BlackElo "2226"]
[WhiteFideId "4133285"]
[BlackFideId "4643461"]
[EventDate "2014.07.18"]

1. c4 e6 2. Nc3 d5 3. d4 c5 4. cxd5 exd5 5. Nf3 Nc6 6. g3 Nf6 7. Bg2 Be7 8. O-O
O-O 9. Bg5 cxd4 10. Nxd4 Qb6 11. Nb3 Be6 12. Be3 Qb4 13. a3 Qg4 14. Nd4 Qh5 15.
f3 Rfd8 16. Bf2 Rac8 17. Rc1 a6 18. Rc2 Nxd4 19. Bxd4 Bc5 20. Bxc5 Rxc5 21. Rd2
Rc7 22. Rd4 Rcd7 23. Qd2 h6 24. g4 Qg6 25. h3 h5 26. Rc1 hxg4 27. hxg4 Rc8 28.
Rd1 Rc4 29. Qf4 Rxd4 30. Rxd4 Nh7 31. Kf2 Qf6 32. Qxf6 gxf6 33. Kg3 Rc7 34. f4 1-0

[Event "25th Czech Open A 2014"]
[Site "Pardubice CZE"]
[Date "2014.07.19"]
[Round "2.59"]
[White "Marusenko, Petr"]
[Black "Vishnu Prasanna, V"]
[Result "0-1"]
[WhiteTitle "IM"]
[BlackTitle "GM"]
[WhiteElo "2207"]
[BlackElo "2459"]
[WhiteFideId "14100606"]
[BlackFideId "5030692"]
[EventDate "2014.07.18"]

1. d4 Nf6 2. c4 g6 3. Nc3 Bg7 4. Bf4 O-O 5. Nf3 d6 6. h3 c5 7. e3 Qb6 8. Qd2 Nc6
9. d5 e5 10. Bg5 Nd8 11. e4 Nh5 12. a4 f6 13. a5 Qc7 14. Be3 f5 15. exf5 gxf5
16. Nb5 Qe7 17. Bg5 Nf6 18. Be2 Nf7 19. O-O e4 20. Nh2 Nxg5 21. Qxg5 a6 22. Nc3
Nxd5 23. Qxe7 Nxe7 24. Rfd1 Be5 25. Nf1 Nc6 26. Ne3 Nd4 27. Bf1 Be6 28. Ned5 Rf7
29. Rab1 Nc6 30. Ra1 Kh8 31. Ra3 Rg8 32. Rd2 Rfg7 33. Kh1 Nd4 34. Ne2 Bxd5 35.
Nxd4 cxd4 36. cxd5 Rc8 37. Ra1 Rgc7 38. g3 Rc2 39. Rad1 d3 0-1

[Event "25th Czech Open A 2014"]
[Site "Pardubice CZE"]
[Date "2014.07.19"]
[Round "2.60"]
[White "Sergeev, Vladimir"]
[Black "Bibik, Jura"]
[Result "1/2-1/2"]
[WhiteTitle "GM"]
[BlackTitle "IM"]
[WhiteElo "2447"]
[BlackElo "2228"]
[WhiteFideId "14101076"]
[BlackFideId "4113071"]
[EventDate "2014.07.18"]

1. e4 e5 2. Nf3 Nc6 3. Nc3 Nf6 4. g3 d5 5. exd5 Nxd5 6. Bg2 Nxc3 7. bxc3 Bd6 8.
O-O O-O 9. Re1 Bg4 10. h3 Bh5 11. g4 Bg6 12. Rb1 Rb8 13. Nh2 f5 14. d3 fxg4 15.
Nxg4 Qh4 16. Be3 h5 17. Nh2 e4 18. dxe4 Bxe4 19. Nf3 Rxf3 20. Bxf3 Qxh3 21. Bxe4
Bh2+ 22. Kh1 Bg3+ 23. Kg1 Bh2+ 1/2-1/2

[Event "25th Czech Open A 2014"]
[Site "Pardubice CZE"]
[Date "2014.07.19"]
[Round "2.61"]
[White "Sihite, Chelsie Monica Ignesias"]
[Black "Sundararajan, Kidambi"]
[Result "0-1"]
[WhiteTitle "WIM"]
[BlackTitle "GM"]
[WhiteElo "2228"]
[BlackElo "2414"]
[WhiteFideId "7101198"]
[BlackFideId "5005370"]
[EventDate "2014.07.18"]

1. e4 e6 2. d4 d5 3. Nd2 a6 4. c3 c5 5. Ngf3 Nc6 6. exd5 exd5 7. dxc5 Bxc5 8.
Nb3 Bb6 9. Bd3 Nf6 10. Qe2+ Be6 11. Nbd4 Nxd4 12. Nxd4 Bxd4 13. cxd4 O-O 14. O-O
Qb6 15. Be3 Bg4 16. f3 Bh5 17. Rac1 Bg6 18. Bxg6 hxg6 19. Rc3 Rfe8 20. Qc2 Nd7
21. Rc1 Nf8 22. Qb3 Qd6 23. Bf2 Ne6 24. g3 Ng5 25. Kg2 Qd7 26. h4 Ne6 27. Qc2
Rad8 28. Be3 Qb5 29. Kf2 Qd7 30. Kg2 Re7 31. Kf2 Rde8 32. Rc8 Nd8 33. Rc7 Qh3
34. Rxe7 Rxe7 35. Rg1 Nc6 36. Qc5 Qf5 37. Rd1 Re8 38. Qb6 Qh3 39. Rg1 Ne7 40.
Bf4 Nf5 41. Be5 f6 42. Qxb7 fxe5 43. Qxd5+ Kh7 0-1

[Event "25th Czech Open A 2014"]
[Site "Pardubice CZE"]
[Date "2014.07.19"]
[Round "2.62"]
[White "Manik, Mikulas"]
[Black "Klecker, Tadeas"]
[Result "1/2-1/2"]
[WhiteTitle "GM"]
[WhiteElo "2394"]
[BlackElo "2167"]
[WhiteFideId "14900734"]
[BlackFideId "326950"]
[EventDate "2014.07.18"]

1. e4 e5 2. Nf3 Nc6 3. d4 exd4 4. Nxd4 Nf6 5. Nxc6 bxc6 6. e5 Qe7 7. Qe2 Nd5 8.
c4 Nb6 9. Nc3 Qe6 10. Qe4 g6 11. Bg5 Bg7 12. f4 d5 13. cxd5 cxd5 14. Qb4 c6 15.
O-O-O Bf8 16. Qd4 Be7 17. Ne4 O-O 18. Bxe7 Qxe7 19. Nf6+ Kg7 20. h4 h5 21. Bd3
c5 22. Qe3 c4 23. Bc2 c3 24. f5 cxb2+ 25. Kb1 Nc4 26. Nxh5+ Kg8 27. Qc3 gxh5 28.
Qg3+ Kh8 29. f6 Na3+ 1/2-1/2

[Event "25th Czech Open A 2014"]
[Site "Pardubice CZE"]
[Date "2014.07.19"]
[Round "2.63"]
[White "Kratochvil, Karel"]
[Black "Repka, Christopher"]
[Result "0-1"]
[WhiteElo "2164"]
[BlackElo "2380"]
[WhiteFideId "325546"]
[BlackFideId "14918781"]
[EventDate "2014.07.18"]

1. e4 e6 2. d4 d5 3. exd5 exd5 4. Bd3 Nc6 5. c3 Bd6 6. Ne2 Qh4 7. g3 Qh3 8. Nf4
Bxf4 9. Bxf4 Nge7 10. Bf1 Qe6+ 11. Qe2 Qg6 12. Nd2 O-O 13. Bg2 Bf5 14. Nf3 Bd3
15. Qd2 Ba6 16. O-O-O Na5 17. Ne5 Qf5 18. h4 Nc4 19. Nxc4 Bxc4 20. b3 Bb5 21.
Bh3 Qg6 22. h5 Qb6 23. Rhe1 Rfe8 24. Bg5 Qd6 25. Kb2 h6 26. Bf4 Qb6 27. Be5 Nc6
28. Bf4 Na5 29. Ka1 Qa6 30. Kb2 Be2 31. Rc1 Qb6 32. Qxe2 Rxe2+ 33. Rxe2 Nc4+ 34.
Ka1 Nd6 35. Rce1 Qc6 36. Kb2 Ne4 37. Re3 Nxf2 38. Bf5 Ne4 39. Bxe4 dxe4 40. Rxe4
a5 41. c4 a4 42. d5 Qf6+ 43. Be5 Qf2+ 44. R1e2 a3+ 45. Kc3 Qb6 46. Rg4 f6 47.
Bd4 c5 48. Bf2 Qc7 49. Re6 b5 50. Rge4 Rd8 51. Re8+ Rxe8 52. Rxe8+ Kf7 53. Re6
Qa5+ 54. Kd3 bxc4+ 55. bxc4 Qb4 56. Re2 Qb1+ 57. Rc2 Qd1+ 58. Rd2 Qxh5 59. Bxc5
Qg6+ 60. Kc3 Qxg3+ 61. Kc2 Qf4 62. Kc3 Qg3+ 63. Kc2 Ke8 64. Bb4 Qf4 65. Kb3 Qe3+
66. Ka4 Qa7+ 67. Kb3 Qe3+ 68. Ka4 Qa7+ 69. Kb3 f5 70. c5 f4 71. d6 Kd7 72. Re2
Qa6 73. Re7+ Kc6 74. Rc7+ Kb5 75. Kc3 f3 76. Rf7 Qa8 77. d7 Qd5 78. Bxa3 Qc4+
79. Kd2 Qxa2+ 80. Kd1 Qd5+ 81. Kc2 Kc6 82. Bb4 f2 83. Rxf2 Qxd7 84. Rd2 Qf5+ 85.
Kb3 Kb5 86. Ba3 Qe6+ 87. Kb2 Qe5+ 88. Ka2 Ka4 89. Rc2 Qd5+ 90. Kb1 Kxa3 91. c6
Qd1+ 0-1

[Event "25th Czech Open A 2014"]
[Site "Pardubice CZE"]
[Date "2014.07.19"]
[Round "2.64"]
[White "Cerveny, Martin"]
[Black "Lehmann, Holger"]
[Result "1/2-1/2"]
[WhiteTitle "FM"]
[WhiteElo "2375"]
[BlackElo "2185"]
[WhiteFideId "321141"]
[BlackFideId "4620275"]
[EventDate "2014.07.18"]

1. d4 f5 2. Bg5 h6 3. Bh4 g5 4. Bg3 Nf6 5. e3 e6 6. Bd3 d6 7. Nd2 Nc6 8. h4 Rg8
9. hxg5 hxg5 10. c3 Qe7 11. Qc2 Bd7 12. O-O-O O-O-O 13. Ne2 Qf7 14. b4 Ng4 15.
b5 Ne7 16. a4 e5 17. dxe5 dxe5 18. Bc4 Be6 19. Qb3 Rd6 20. Bxe6+ Rxe6 21. Nc4 f4
22. exf4 exf4 23. Nd4 Rf6 24. b6 axb6 25. Nb5 Ne5 26. Rd7 Nxc4 27. Rxc7+ Kb8 28.
Rd1 Rd6 29. Rxd6 Nxd6 30. Rxb7+ Ka8 31. Ra7+ Kb8 32. Rb7+ Ka8 33. Ra7+ Kb8 34.
Rb7+ 1/2-1/2

[Event "25th Czech Open A 2014"]
[Site "Pardubice CZE"]
[Date "2014.07.19"]
[Round "2.65"]
[White "Majer, Jiri"]
[Black "Vlasak, Lukas"]
[Result "0-1"]
[WhiteTitle "FM"]
[BlackTitle "FM"]
[WhiteElo "2172"]
[BlackElo "2375"]
[WhiteFideId "307564"]
[BlackFideId "324752"]
[EventDate "2014.07.18"]

1. Nf3 Nf6 2. d4 e6 3. g3 c5 4. Bg2 cxd4 5. Nxd4 d5 6. O-O e5 7. Nb3 Be6 8. Nc3
Be7 9. Bg5 Nbd7 10. Qd3 O-O 11. Rad1 d4 12. Bxf6 Nxf6 13. Ne4 Qc7 14. Nxf6+ Bxf6
15. Be4 h6 16. Qf3 Rab8 17. c3 dxc3 18. Rc1 b6 19. Rxc3 Qd7 20. Bc6 Qe7 21. Rd3
Rfd8 22. Rfd1 Rxd3 23. Qxd3 Qc7 24. Rc1 Rd8 25. Qc2 Qd6 26. Be4 Rc8 27. Qd3
Rxc1+ 28. Nxc1 Qxd3 29. Bxd3 e4 30. Bxe4 Bxb2 31. Nd3 Ba3 32. Ne5 Bxa2 33. Nc6
a5 34. Na7 Bc4 0-1

[Event "25th Czech Open A 2014"]
[Site "Pardubice CZE"]
[Date "2014.07.19"]
[Round "2.66"]
[White "Seger, Ruediger"]
[Black "Hahn, Florian"]
[Result "1-0"]
[WhiteTitle "IM"]
[WhiteElo "2374"]
[BlackElo "2109"]
[WhiteFideId "4617274"]
[BlackFideId "24659720"]
[EventDate "2014.07.18"]

1. e4 c5 2. b3 e6 3. Bb2 Nc6 4. Nf3 a6 5. c4 d6 6. d4 cxd4 7. Nxd4 Nf6 8. Nc3
Be7 9. Be2 O-O 10. O-O Qc7 11. Rc1 Nxd4 12. Qxd4 b6 13. Kh1 Bd7 14. f4 Bc6 15.
Nd5 Qb7 16. Nxe7+ Qxe7 17. e5 dxe5 18. Qxb6 Qd6 19. Bf3 e4 20. Rcd1 Qxf4 21. Be2 1-0

[Event "25th Czech Open A 2014"]
[Site "Pardubice CZE"]
[Date "2014.07.19"]
[Round "2.67"]
[White "Bjornsson, Tomas"]
[Black "Suran, Jan"]
[Result "1/2-1/2"]
[WhiteTitle "FM"]
[BlackTitle "FM"]
[WhiteElo "2144"]
[BlackElo "2368"]
[WhiteFideId "2300303"]
[BlackFideId "305782"]
[EventDate "2014.07.18"]

1. e4 c5 2. Nf3 e6 3. d4 cxd4 4. Nxd4 Nf6 5. Bd3 Nc6 6. Nxc6 dxc6 7. O-O e5 8.
Qe2 Bc5 9. Be3 Qe7 10. Nd2 O-O 11. Bxc5 Qxc5 12. Nb3 Qb6 13. Kh1 Bg4 14. f3 Bd7
15. Qd2 Be6 16. Qc3 Bxb3 17. axb3 Qc7 18. Rfd1 Rfd8 19. Be2 a6 20. g3 h6 21. Kg2
Nh7 22. Qe3 Nf8 23. c3 a5 24. Rxd8 Rxd8 25. Rd1 Rxd1 26. Bxd1 Ne6 27. Be2 b5 28.
Kf2 Kf8 29. Bf1 Qd6 30. Bd3 Ke7 31. Ke2 Qc5 32. Qxc5+ Nxc5 33. Bc2 g5 34. Ke3
Kd6 35. Bd1 f6 36. Bc2 Ne6 37. Kd3 Kc5 38. Bd1 Nd8 39. Bc2 Nf7 40. Bd1 Nh8 41.
Bc2 Ng6 42. Bd1 h5 43. Bc2 h4 44. Bd1 hxg3 45. hxg3 Nh8 46. g4 Nf7 47. Bc2 Nd6
48. Bd1 Nc8 49. Bc2 b4 50. Bd1 bxc3 51. bxc3 Nd6 52. Kc2 Kb6 53. Be2 c5 54. Bf1
c4 55. b4 Kb5 56. bxa5 Kxa5 57. Be2 Kb5 58. Bd1 Nb7 59. Be2 Nc5 60. Kd2 Na4 61.
Kc2 Nb6 62. Kb2 Nd7 63. Kc2 Nc5 64. Bf1 Ne6 65. Be2 Nf4 66. Bf1 Ng6 67. Be2 Nh4
68. Kd2 Ng2 69. Bf1 Nf4 70. Kc2 Kc5 71. Kd2 Ne6 72. Kc2 Nc7 73. Be2 Kb5 74. Kd2
Na8 75. Kc2 Nb6 76. Kb2 Ka5 77. Bf1 Ka4 78. Be2 Kb5 79. Kc2 Na4 1/2-1/2

[Event "25th Czech Open A 2014"]
[Site "Pardubice CZE"]
[Date "2014.07.19"]
[Round "2.68"]
[White "Hladik, Josef"]
[Black "Gorbatov, Alexej"]
[Result "0-1"]
[BlackTitle "IM"]
[WhiteElo "2153"]
[BlackElo "2358"]
[WhiteFideId "305545"]
[BlackFideId "4111834"]
[EventDate "2014.07.18"]

1. Nf3 c5 2. g3 Nc6 3. Bg2 e5 4. d3 d5 5. O-O Bd6 6. Nbd2 Nge7 7. e4 d4 8. Nc4
Bc7 9. a4 Ng6 10. b3 O-O 11. Qe2 Rb8 12. h4 Bg4 13. Qd2 h6 14. Nh2 Be6 15. Qe2
a6 16. Ba3 b5 17. axb5 axb5 18. Nd2 Bb6 19. Bf3 Qd6 20. Bg4 Bxg4 21. Nxg4 Ba5
22. Bb2 Qe6 23. Nh2 Ra8 24. Nb1 Rfb8 25. Kg2 c4 26. bxc4 bxc4 27. Ba3 c3 28. Bc1
Bb4 29. Rxa8 Rxa8 30. f4 exf4 31. Bxf4 Bd6 32. Bxd6 Qxd6 33. Nf3 Ra2 34. Qf2
Nge5 35. Ne1 Rb2 0-1

[Event "25th Czech Open A 2014"]
[Site "Pardubice CZE"]
[Date "2014.07.19"]
[Round "2.69"]
[White "Debevec, Blaz"]
[Black "Schwarz, Dusan"]
[Result "1/2-1/2"]
[WhiteElo "2136"]
[BlackElo "2352"]
[WhiteFideId "14605813"]
[BlackFideId "14903890"]
[EventDate "2014.07.18"]

1. d4 d5 2. c4 c6 3. Nf3 Nf6 4. e3 e6 5. b3 Nbd7 6. Bb2 Bd6 7. Bd3 O-O 8. O-O b6
9. Nbd2 Bb7 10. Ne5 c5 11. cxd5 Bxd5 12. Ndc4 Be7 13. Qe2 Nxe5 14. dxe5 Nd7 15.
Rad1 Qc7 16. f4 Rad8 17. Qh5 g6 18. Qh6 Bxc4 19. Bxc4 Rfe8 20. Qh3 Nf8 21. Qf3
Rxd1 22. Rxd1 Rd8 23. Rxd8 Qxd8 24. Bc3 Qc7 25. Kf2 Kg7 26. Ke2 Nd7 27. Bb5 Nb8
28. Qa8 a6 29. Bxa6 Nxa6 30. Qxa6 Qc6 31. Kf1 Qe4 32. Qe2 Bh4 33. Be1 Qb1 34. g3
Be7 35. e4 b5 36. Qxb5 Qxa2 37. h4 Qb1 38. Qc4 Qd1 39. Kf2 h6 40. Ba5 Kg8 41.
Bb6 Kg7 42. Bxc5 Bxc5+ 43. Qxc5 Qxb3 44. Qe3 1/2-1/2